000 00668nam a2200229Ia 4500
001 16870
003 GE_BSU
008 181216s||||||||xx |||||||||||||| ||und||
040 _cGE_BSU
080 _a82-93:821.353.1-32
100 _aბუთხუზი, გივი
245 _aძმობილები
245 _bმოთხრობები
245 _cრედ.ლოლა ქადაგიშვილი
260 _aთბილისი
260 _bნაკადული
260 _c1987
300 _a158გვ. ; 20სმ.
653 _aმოთხრობები
653 _aძმობილები
942 _cBK
999 _c49934
_d49934